{"text_format":"3","workbook":"xlsx","n_sheets":1,"sheets":["t90"],"read":"whole","date_system":"1900"}

{"sheet":"t90","index":0,"n_rows":202,"n_cols":7,"rows_kept":202,"merged":[[0,0,0,6],[28,0,28,5],[45,0,45,5],[160,0,160,5]]}
["TABELA 90.1 - Estatísticas Agrícolas, Município de Brodowski, Estado de São Paulo, 2016/17."]
["ITEM","UNIDADE","N.DE UPAs","MÍNIMO","MÉDIO","MÁXIMO","TOTAL"]
["Distância à sede do município","km",445,0.5,{"v":6.88,"d":"6.9"},{"v":26,"d":"26.0"},"-"]
["Área total","hectare",445,0.3,{"v":56.91,"d":"56.9"},{"v":2809.6,"d":"2,809.6"},{"v":25325.38,"d":"25,325.4"}]
["Área com cultura perene","hectare",117,0.2,{"v":8.17,"d":"8.2"},96.8,955.8]
["Área com cultura temporária","hectare",321,0.1,{"v":43.46,"d":"43.5"},{"v":1993.4,"d":"1,993.4"},{"v":13951.8,"d":"13,951.8"}]
["Área com pastagem","hectare",268,0.1,{"v":21.77,"d":"21.8"},{"v":270,"d":"270.0"},{"v":5834.4,"d":"5,834.4"}]
["Área com reflorestamento","hectare",16,0.6,{"v":11.37,"d":"11.4"},{"v":150,"d":"150.0"},181.9]
["Área com vegetação natural","hectare",268,0.1,{"v":12.15,"d":"12.2"},{"v":306,"d":"306.0"},{"v":3256.8,"d":"3,256.8"}]
["Área com vegetação de brejo e várzea","hectare",32,0.1,{"v":19.69,"d":"19.7"},{"v":246,"d":"246.0"},{"v":630,"d":"630.0"}]
["Área em descanso","hectare",10,0.5,{"v":16.05,"d":"16.1"},{"v":74,"d":"74.0"},160.5]
["Área complementar","hectare",314,{"v":0.08,"d":"0.1"},{"v":1.13,"d":"1.1"},22.9,{"v":354.18,"d":"354.2"}]
["Área das UPAs com (0, 1] ha","hectare",2,0.3,0.4,0.5,0.8]
["Área das UPAs com (1, 2] ha","hectare",14,1.2,1.7,{"v":2,"d":"2.0"},23.8]
["Área das UPAs com (2, 5] ha","hectare",78,2.2,{"v":3.81,"d":"3.8"},{"v":5,"d":"5.0"},{"v":296.88,"d":"296.9"}]
["Área das UPAs com (5, 10] ha","hectare",80,5.1,{"v":7.69,"d":"7.7"},{"v":10,"d":"10.0"},614.9]
["Área das UPAs com (10, 20] ha","hectare",82,10.1,{"v":14.97,"d":"15.0"},19.8,{"v":1227.4,"d":"1,227.4"}]
["Área das UPAs com (20, 50] ha","hectare",108,20.2,{"v":30.85,"d":"30.9"},49.7,{"v":3332,"d":"3,332.0"}]
["Área das UPAs com (50, 100] ha","hectare",31,{"v":52,"d":"52.0"},{"v":73.59,"d":"73.6"},97.6,{"v":2281.4,"d":"2,281.4"}]
["Área das UPAs com (100, 200] ha","hectare",18,112.5,{"v":143.54,"d":"143.5"},{"v":182,"d":"182.0"},{"v":2583.8,"d":"2,583.8"}]
["Área das UPAs com (200, 500] ha","hectare",25,201.9,{"v":306.93,"d":"306.9"},474.4,{"v":7673.2,"d":"7,673.2"}]
["Área das UPAs com (500, 1.000] ha","hectare",5,504.6,667.3,830.9,{"v":3336.5,"d":"3,336.5"}]
["Área das UPAs com (1.000, 2.000] ha","hectare",1,{"v":1145.1,"d":"1,145.1"},{"v":1145.1,"d":"1,145.1"},{"v":1145.1,"d":"1,145.1"},{"v":1145.1,"d":"1,145.1"}]
["Área das UPAs com (2.000, 5.000] ha","hectare",1,{"v":2809.6,"d":"2,809.6"},{"v":2809.6,"d":"2,809.6"},{"v":2809.6,"d":"2,809.6"},{"v":2809.6,"d":"2,809.6"}]
["Área das UPAs com (5.000, 10.000] ha","hectare","-","-","-","-","-"]
["Área das UPAs acima de 10.000 ha","hectare","-","-","-","-","-"]
["Fonte: Secretaria de Agricultura e Abastecimento, CDRS/IEA, Projeto LUPA."]
[]
["TABELA 90.2 - Explorações Animais, Município de Brodowski, Estado de São Paulo, 2016/17."]
["ITEM","UNIDADE","N.DE UPAs","MÍNIMO","MÉDIO","MÁXIMO","TOTAL"]
["Apicultura","colmeias",1,{"v":15,"d":"15.0"},{"v":15,"d":"15.0"},{"v":15,"d":"15.0"},{"v":15,"d":"15.0"}]
["Asininos e muares","cabecas",17,{"v":1,"d":"1.0"},{"v":2.59,"d":"2.6"},{"v":23,"d":"23.0"},{"v":44,"d":"44.0"}]
["Avicultura de corte","cabecas/ano",8,{"v":50,"d":"50.0"},{"v":42460,"d":"42,460.0"},{"v":300000,"d":"300,000.0"},{"v":339680,"d":"339,680.0"}]
["Avicultura para ovos","cabecas",4,{"v":100,"d":"100.0"},{"v":36525,"d":"36,525.0"},{"v":80000,"d":"80,000.0"},{"v":146100,"d":"146,100.0"}]
["Bovinocultura de corte","cabecas",110,{"v":1,"d":"1.0"},{"v":78.57,"d":"78.6"},{"v":700,"d":"700.0"},{"v":8643,"d":"8,643.0"}]
["Bovinocultura leiteira","cabecas",14,{"v":1,"d":"1.0"},{"v":18.57,"d":"18.6"},{"v":60,"d":"60.0"},{"v":260,"d":"260.0"}]
["Bovinocultura mista","cabecas",102,{"v":1,"d":"1.0"},{"v":30.74,"d":"30.7"},{"v":550,"d":"550.0"},{"v":3135,"d":"3,135.0"}]
["Bubalinocultura","cabecas",2,{"v":8,"d":"8.0"},{"v":229,"d":"229.0"},{"v":450,"d":"450.0"},{"v":458,"d":"458.0"}]
["Caprinocultura","cabecas",1,{"v":1,"d":"1.0"},{"v":1,"d":"1.0"},{"v":1,"d":"1.0"},{"v":1,"d":"1.0"}]
["Equinocultura","cabecas",137,{"v":1,"d":"1.0"},{"v":3.64,"d":"3.6"},{"v":40,"d":"40.0"},{"v":498,"d":"498.0"}]
["Ovinocultura","cabecas",12,{"v":1,"d":"1.0"},{"v":28.92,"d":"28.9"},{"v":80,"d":"80.0"},{"v":347,"d":"347.0"}]
["Piscicultura","m2 tanques",2,{"v":500,"d":"500.0"},{"v":750,"d":"750.0"},{"v":1000,"d":"1,000.0"},{"v":1500,"d":"1,500.0"}]
["Suinocultura","cabecas",41,{"v":1,"d":"1.0"},{"v":17.44,"d":"17.4"},{"v":100,"d":"100.0"},{"v":715,"d":"715.0"}]
["Fonte: Secretaria de Agricultura e Abastecimento, CDRS/IEA, Projeto LUPA."]
[]
["TABELA 90.3 -  Máquinas, Implementos e Benfeitorias, Município de Brodowski, Estado de São Paulo, 2016/17."]
["ITEM","UNIDADE","N.DE UPAs","MÍNIMO","MÉDIO","MÁXIMO","TOTAL"]
["Arado comum (bacia, aiveca)","unidade",80,{"v":1,"d":"1.0"},{"v":1.13,"d":"1.1"},{"v":3,"d":"3.0"},{"v":90,"d":"90.0"}]
["Arado escarificador","unidade",6,{"v":1,"d":"1.0"},{"v":1.67,"d":"1.7"},{"v":3,"d":"3.0"},{"v":10,"d":"10.0"}]
["Arado subsolador","unidade",18,{"v":1,"d":"1.0"},{"v":1,"d":"1.0"},{"v":1,"d":"1.0"},{"v":18,"d":"18.0"}]
["Batedeira de cereais","unidade",3,{"v":1,"d":"1.0"},{"v":1,"d":"1.0"},{"v":1,"d":"1.0"},{"v":3,"d":"3.0"}]
["Camara fria","unidade",3,{"v":1,"d":"1.0"},{"v":1.33,"d":"1.3"},{"v":2,"d":"2.0"},{"v":4,"d":"4.0"}]
["Carregadeira de cana","unidade",2,{"v":2,"d":"2.0"},{"v":3,"d":"3.0"},{"v":4,"d":"4.0"},{"v":6,"d":"6.0"}]
["Carreta de trator","unidade",89,{"v":1,"d":"1.0"},{"v":1.38,"d":"1.4"},{"v":5,"d":"5.0"},{"v":123,"d":"123.0"}]
["Colhedeira acoplada","unidade",4,{"v":1,"d":"1.0"},{"v":2.25,"d":"2.3"},{"v":5,"d":"5.0"},{"v":9,"d":"9.0"}]
["Colhedeira automotriz","unidade",9,{"v":1,"d":"1.0"},{"v":1.11,"d":"1.1"},{"v":2,"d":"2.0"},{"v":10,"d":"10.0"}]
["Computador","unidade",9,{"v":1,"d":"1.0"},{"v":2,"d":"2.0"},{"v":3,"d":"3.0"},{"v":18,"d":"18.0"}]
["Conj.irrigacao convencional","unidade",5,{"v":1,"d":"1.0"},1.6,{"v":3,"d":"3.0"},{"v":8,"d":"8.0"}]
["Conj.irrigacao/gotejamento/microaspersao","unidade",1,{"v":1,"d":"1.0"},{"v":1,"d":"1.0"},{"v":1,"d":"1.0"},{"v":1,"d":"1.0"}]
["Conjunto de fenacao","unidade",3,{"v":1,"d":"1.0"},{"v":1,"d":"1.0"},{"v":1,"d":"1.0"},{"v":3,"d":"3.0"}]
["Desintegrador, picador, triturador","unidade",123,{"v":1,"d":"1.0"},{"v":1.13,"d":"1.1"},{"v":3,"d":"3.0"},{"v":139,"d":"139.0"}]
["Distribuidor de calcario","unidade",23,{"v":1,"d":"1.0"},{"v":1.09,"d":"1.1"},{"v":3,"d":"3.0"},{"v":25,"d":"25.0"}]
["Ensiladeira","unidade",26,{"v":1,"d":"1.0"},{"v":1.04,"d":"1.0"},{"v":2,"d":"2.0"},{"v":27,"d":"27.0"}]
["Grade aradora (tipo romi)","unidade",34,{"v":1,"d":"1.0"},{"v":1.24,"d":"1.2"},{"v":5,"d":"5.0"},{"v":42,"d":"42.0"}]
["Grade niveladora","unidade",76,{"v":1,"d":"1.0"},{"v":1.07,"d":"1.1"},{"v":3,"d":"3.0"},{"v":81,"d":"81.0"}]
["Implementos para tracao animal","unidade",2,{"v":1,"d":"1.0"},{"v":1,"d":"1.0"},{"v":1,"d":"1.0"},{"v":2,"d":"2.0"}]
["Máquina de classificar frutas","unidade",1,{"v":1,"d":"1.0"},{"v":1,"d":"1.0"},{"v":1,"d":"1.0"},{"v":1,"d":"1.0"}]
["Maquina de classificar ovo","unidade",1,{"v":1,"d":"1.0"},{"v":1,"d":"1.0"},{"v":1,"d":"1.0"},{"v":1,"d":"1.0"}]
["Máquina de minimamente processsados","unidade",1,{"v":1,"d":"1.0"},{"v":1,"d":"1.0"},{"v":1,"d":"1.0"},{"v":1,"d":"1.0"}]
["Misturador de racao","unidade",10,{"v":1,"d":"1.0"},{"v":1,"d":"1.0"},{"v":1,"d":"1.0"},{"v":10,"d":"10.0"}]
["Mmicrotrator","unidade",9,{"v":1,"d":"1.0"},{"v":1,"d":"1.0"},{"v":1,"d":"1.0"},{"v":9,"d":"9.0"}]
["Ordenhadeira mecanica","unidade",12,{"v":1,"d":"1.0"},{"v":1,"d":"1.0"},{"v":1,"d":"1.0"},{"v":12,"d":"12.0"}]
["Pulverizador tratorizado","unidade",51,{"v":1,"d":"1.0"},{"v":1.35,"d":"1.4"},{"v":6,"d":"6.0"},{"v":69,"d":"69.0"}]
["Resfriador de leite, tanque expansao","unidade",20,{"v":1,"d":"1.0"},1.1,{"v":2,"d":"2.0"},{"v":22,"d":"22.0"}]
["Retroescavadeira","unidade",1,{"v":1,"d":"1.0"},{"v":1,"d":"1.0"},{"v":1,"d":"1.0"},{"v":1,"d":"1.0"}]
["Roçadora","unidade",58,{"v":1,"d":"1.0"},{"v":1.16,"d":"1.2"},{"v":4,"d":"4.0"},{"v":67,"d":"67.0"}]
["Semeadeira/adubadeira para plantio convencional","unidade",25,{"v":1,"d":"1.0"},{"v":1.12,"d":"1.1"},{"v":3,"d":"3.0"},{"v":28,"d":"28.0"}]
["Semeadeira/plantadeira plantio direto","unidade",10,{"v":1,"d":"1.0"},1.2,{"v":3,"d":"3.0"},{"v":12,"d":"12.0"}]
["Terraceador","unidade",1,{"v":1,"d":"1.0"},{"v":1,"d":"1.0"},{"v":1,"d":"1.0"},{"v":1,"d":"1.0"}]
["Trator de esteiras","unidade",3,{"v":1,"d":"1.0"},{"v":1,"d":"1.0"},{"v":1,"d":"1.0"},{"v":3,"d":"3.0"}]
["Trator de pneus  acima de 85 cv","unidade",28,{"v":1,"d":"1.0"},{"v":1.54,"d":"1.5"},{"v":5,"d":"5.0"},{"v":43,"d":"43.0"}]
["Trator de pneus até 65 cv","unidade",80,{"v":1,"d":"1.0"},{"v":1.21,"d":"1.2"},{"v":4,"d":"4.0"},{"v":97,"d":"97.0"}]
["Trator de pneus de 66 cv a 85 cv","unidade",69,{"v":1,"d":"1.0"},{"v":1.51,"d":"1.5"},{"v":10,"d":"10.0"},{"v":104,"d":"104.0"}]
["Acude/represa","unidade",78,{"v":1,"d":"1.0"},{"v":1.49,"d":"1.5"},{"v":5,"d":"5.0"},{"v":116,"d":"116.0"}]
["Almoxarifado/oficina","unidade",28,{"v":1,"d":"1.0"},{"v":1.11,"d":"1.1"},{"v":2,"d":"2.0"},{"v":31,"d":"31.0"}]
["Armazem para graos ensacados","sacas",8]
["Balanca para bovinos","unidade",10,{"v":1,"d":"1.0"},{"v":1,"d":"1.0"},{"v":1,"d":"1.0"},{"v":10,"d":"10.0"}]
["Barracao para granja/avicultura","unidade",9,{"v":1,"d":"1.0"},{"v":4.44,"d":"4.4"},{"v":12,"d":"12.0"},{"v":40,"d":"40.0"}]
["Barracao/galpao/garagem","unidade",119,{"v":1,"d":"1.0"},{"v":1.34,"d":"1.3"},{"v":3,"d":"3.0"},{"v":159,"d":"159.0"}]
["Biodigestor","unidade",1,{"v":2,"d":"2.0"},{"v":2,"d":"2.0"},{"v":2,"d":"2.0"},{"v":2,"d":"2.0"}]
["Casa de moradia habitada","unidade",171,{"v":1,"d":"1.0"},{"v":1.55,"d":"1.6"},{"v":16,"d":"16.0"},{"v":265,"d":"265.0"}]
["Casa de moradia total","unidade",265,{"v":1,"d":"1.0"},{"v":1.86,"d":"1.9"},{"v":18,"d":"18.0"},{"v":493,"d":"493.0"}]
["Curral/mangueira","unidade",198,{"v":1,"d":"1.0"},{"v":1.06,"d":"1.1"},{"v":3,"d":"3.0"},{"v":210,"d":"210.0"}]
["Deposito/tulha","unidade",144,{"v":1,"d":"1.0"},{"v":1.11,"d":"1.1"},{"v":4,"d":"4.0"},{"v":160,"d":"160.0"}]
["Estabulo","unidade",10,{"v":1,"d":"1.0"},1.1,{"v":2,"d":"2.0"},{"v":11,"d":"11.0"}]
["Estacao/posto meteorologico","unidade",1,{"v":1,"d":"1.0"},{"v":1,"d":"1.0"},{"v":1,"d":"1.0"},{"v":1,"d":"1.0"}]
["Estufa/plasticultura","m2",2]
["Fabrica de racao","unidade",3,{"v":1,"d":"1.0"},{"v":1,"d":"1.0"},{"v":1,"d":"1.0"},{"v":3,"d":"3.0"}]
["Instalacoes para equinos","unidade",8,{"v":1,"d":"1.0"},{"v":1.75,"d":"1.8"},{"v":4,"d":"4.0"},{"v":14,"d":"14.0"}]
["Maquina de beneficio","unidade",8,{"v":1,"d":"1.0"},{"v":1,"d":"1.0"},{"v":1,"d":"1.0"},{"v":8,"d":"8.0"}]
["Pocilga","unidade",61,{"v":1,"d":"1.0"},{"v":1.11,"d":"1.1"},{"v":3,"d":"3.0"},{"v":68,"d":"68.0"}]
["Poco semi-artesiano","unidade",22,{"v":1,"d":"1.0"},{"v":1.05,"d":"1.1"},{"v":2,"d":"2.0"},{"v":23,"d":"23.0"}]
["Secador de graos","unidade",7,{"v":1,"d":"1.0"},{"v":1.71,"d":"1.7"},{"v":5,"d":"5.0"},{"v":12,"d":"12.0"}]
["Silo para graos","ton",2]
["Silo para silagem","ton",6]
["Terreiro","m2",87]
["Fonte: Secretaria de Agricultura e Abastecimento, CDRS/IEA, Projeto LUPA."]
[]
["TABELA 90.4 - Outras Estatísticas Agrícolas, Município de Brodowski, Estado de São Paulo, 2016/17."]
["ITEM","Número de UPAs",null,"Percentual"]
["Faz Parte de Associação de Produtores",68,null,{"v":15.280898876404494,"d":"15.3"}]
["Faz Parte de Cooperativa de Produtores",146,null,{"v":32.80898876404494,"d":"32.8"}]
["Faz Parte do Sindicato de Produtores",52,null,{"v":11.685393258426966,"d":"11.7"}]
["Não utiliza assistência técnica ",276,null,{"v":62.02247191011236,"d":"62.0"}]
["Utiliza somente assistência técnica governamental ",66,null,{"v":14.831460674157304,"d":"14.8"}]
["Utiliza somente assistência técnica privada ",64,null,{"v":14.382022471910112,"d":"14.4"}]
["Utiliza assistência técnica tanto governamental quanto privada",39,null,{"v":8.764044943820224,"d":"8.8"}]
["Utiliza Crédito Rural",94,null,{"v":21.123595505617978,"d":"21.1"}]
["Utiliza Seguro Rural",51,null,{"v":11.46067415730337,"d":"11.5"}]
["Utiliza Escrituração Agrícola",300,null,{"v":67.41573033707864,"d":"67.4"}]
["Acessa Internet p/ Fins na Agropecuária",43,null,{"v":9.662921348314606,"d":"9.7"}]
["Utiliza Computador nas Atividades Agropecuárias",41,null,{"v":9.213483146067416,"d":"9.2"}]
["Utiliza Energia Elétrica Para Uso na Atividade Agrícola",293,null,{"v":65.84269662921348,"d":"65.8"}]
["Utiliza Energia Alternativa",3,null,{"v":0.6741573033707866,"d":"0.7"}]
["Realiza Análise de Solo, quando necessário",313,null,{"v":70.3370786516854,"d":"70.3"}]
["Realiza Calagem",269,null,{"v":60.44943820224719,"d":"60.4"}]
["Utiliza Práticas de Conservação de Solo, quando necessário",354,null,{"v":79.5505617977528,"d":"79.6"}]
["Faz Adubação Mineral, quando necessário",355,null,{"v":79.7752808988764,"d":"79.8"}]
["Faz Adubação Orgânica, quando necessário",182,null,{"v":40.89887640449439,"d":"40.9"}]
["Faz Adubação Verde, quando necessário",29,null,{"v":6.51685393258427,"d":"6.5"}]
["Utiliza Manejo Integrado de Pragas (MIP)",15,null,{"v":3.3707865168539324,"d":"3.4"}]
["Utiliza Hidroponia","-",null,"-"]
["Utiliza Cultivo em Estufa",8,null,{"v":1.7977528089887642,"d":"1.8"}]
["Utiliza Mudas Fiscalizadas",231,null,{"v":51.91011235955056,"d":"51.9"}]
["Utiliza Semente Melhorada",122,null,{"v":27.41573033707865,"d":"27.4"}]
["Faz Confinamento de Bovinos",17,null,{"v":3.8202247191011236,"d":"3.8"}]
["Utiliza Pastejo Intensivo",50,null,{"v":11.235955056179776,"d":"11.2"}]
["Faz Inseminação Artificial",8,null,{"v":1.7977528089887642,"d":"1.8"}]
["Faz Mineralização do Rebanho",213,null,{"v":47.86516853932584,"d":"47.9"}]
["Faz Vermifugação do Rebanho",213,null,{"v":47.86516853932584,"d":"47.9"}]
["Possui Parceiros /Arrendatários na Exploração Animal",77,null,{"v":17.303370786516854,"d":"17.3"}]
["Existência de trabalhadores c/ deficiência na UPA",5,null,{"v":1.1235955056179776,"d":"1.1"}]
["Esporte e lazer","-",null,"-"]
["Extração mineral","-",null,"-"]
["Hotel Fazenda, Pousada ou SPA",3,null,{"v":0.6741573033707866,"d":"0.7"}]
["Pesque-pague",3,null,{"v":0.6741573033707866,"d":"0.7"}]
["Restaurante ou Lanchonete",2,null,{"v":0.44943820224719105,"d":"0.4"}]
["Transformação artesanal","-",null,"-"]
["Turismo rural ou ecoturismo","-",null,"-"]
["Outras atividades econômicas rurais",1,null,{"v":0.22471910112359553,"d":"0.2"}]
["Agroindústria",2,null,{"v":0.44943820224719105,"d":"0.4"}]
["Proprietário sem instrução ou com instrução incompleta",3,null,{"v":0.6741573033707866,"d":"0.7"}]
["Proprietário com antigo primário completo",106,null,{"v":23.820224719101123,"d":"23.8"}]
["Proprietário com 1° grau (ou antigo ginasial) completo",106,null,{"v":23.820224719101123,"d":"23.8"}]
["Proprietário com 2° grau (ou antigo colegial) completo",100,null,{"v":22.471910112359552,"d":"22.5"}]
["Proprietário com curso superior completo ",122,null,{"v":27.41573033707865,"d":"27.4"}]
["Pessoa Jurídica",8,null,{"v":1.7977528089887642,"d":"1.8"}]
["Proprietário residente na própria UPA ",59,null,{"v":13.258426966292134,"d":"13.3"}]
["Fonte: Secretaria de Agricultura e Abastecimento, CDRS/IEA, Projeto LUPA."]
[]
["TABELA 90.5 - Área Cultivada, Município de Brodowski, Estado de São Paulo, 2016/17."]
["CULTURA","N.DE UPAs","MÍNIMO","MÉDIO","MÁXIMO","TOTAL"]
["Cana-de-acucar finalidade industria",205,0.5,{"v":64.06,"d":"64.1"},{"v":1993.4,"d":"1,993.4"},{"v":13131.9,"d":"13,131.9"}]
["Braquiaria",253,0.1,{"v":21.86,"d":"21.9"},{"v":270,"d":"270.0"},{"v":5530.1,"d":"5,530.1"}]
["Cafe",81,0.2,{"v":8.66,"d":"8.7"},96.8,701.8]
["Milho safra",78,0.3,{"v":4.62,"d":"4.6"},{"v":25,"d":"25.0"},360.1]
["Soja",28,{"v":2,"d":"2.0"},11.3,32.6,316.3]
["Abacate",34,0.4,{"v":5.34,"d":"5.3"},{"v":30,"d":"30.0"},181.7]
["Eucalipto",14,0.6,{"v":12.35,"d":"12.4"},{"v":150,"d":"150.0"},172.9]
["Cana-de-acucar outras finalidades",20,0.1,{"v":7.76,"d":"7.8"},133.1,155.2]
["Coloniao",2,2.6,51.3,{"v":100,"d":"100.0"},102.6]
["Capim-napier (ou capim-elefante)",9,1.3,{"v":6.93,"d":"6.9"},{"v":24,"d":"24.0"},62.4]
["Outras gramíneas para jardim (m2)",1,{"v":60,"d":"60.0"},{"v":60,"d":"60.0"},{"v":60,"d":"60.0"},{"v":60,"d":"60.0"}]
["Gramas",8,0.3,{"v":5.89,"d":"5.9"},17.3,47.1]
["Sorgo",4,{"v":1,"d":"1.0"},{"v":8.08,"d":"8.1"},{"v":20,"d":"20.0"},32.3]
["Laranja Mercado",2,{"v":6,"d":"6.0"},{"v":10.25,"d":"10.3"},14.5,20.5]
["Outras gramineas para pastagem",1,16.7,16.7,16.7,16.7]
["Milheto",1,{"v":16,"d":"16.0"},{"v":16,"d":"16.0"},{"v":16,"d":"16.0"},{"v":16,"d":"16.0"}]
["Manga",11,0.3,{"v":1.42,"d":"1.4"},{"v":3,"d":"3.0"},15.6]
["Capim-jaragua",1,15.5,15.5,15.5,15.5]
["Abobora (ou jerimum)",9,0.2,{"v":1.67,"d":"1.7"},{"v":4,"d":"4.0"},{"v":15,"d":"15.0"}]
["Laranja Industria",1,12.1,12.1,12.1,12.1]
["Outras olericolas",10,0.1,{"v":1.14,"d":"1.1"},{"v":3,"d":"3.0"},11.4]
["Banana",9,0.5,{"v":1.26,"d":"1.3"},2.8,11.3]
["Jilo",10,0.2,{"v":1.06,"d":"1.1"},3.3,10.6]
["Chuchu",6,0.3,{"v":1.72,"d":"1.7"},3.6,10.3]
["Limao",8,0.1,{"v":1.15,"d":"1.2"},{"v":3,"d":"3.0"},9.2]
["Outras florestais",2,{"v":4,"d":"4.0"},4.5,{"v":5,"d":"5.0"},{"v":9,"d":"9.0"}]
["Berinjela",5,0.5,1.6,2.6,{"v":8,"d":"8.0"}]
["Mandioca",5,0.4,{"v":0.92,"d":"0.9"},1.5,4.6]
["Brocolos (ou brocolis)",6,0.1,{"v":0.72,"d":"0.7"},1.9,4.3]
["Caja-manga",2,0.5,{"v":1.25,"d":"1.3"},{"v":2,"d":"2.0"},2.5]
["Feijao-vagem (ou vagem, ou feijao-verde)",5,0.1,{"v":0.48,"d":"0.5"},{"v":1,"d":"1.0"},2.4]
["Abacaxi (ou ananas)",1,2.4,2.4,2.4,2.4]
["Alface",6,0.1,{"v":0.33,"d":"0.3"},{"v":1,"d":"1.0"},{"v":2,"d":"2.0"}]
["Pepino",2,{"v":1,"d":"1.0"},{"v":1,"d":"1.0"},{"v":1,"d":"1.0"},{"v":2,"d":"2.0"}]
["Couve-flor",2,0.3,0.5,0.7,{"v":1,"d":"1.0"}]
["Jaca",1,0.5,0.5,0.5,0.5]
["Coco-da-baia",1,0.4,0.4,0.4,0.4]
["Pimenta",2,0.1,0.1,0.1,0.2]
["Pomar domestico",1,0.2,0.2,0.2,0.2]
["Fonte: Secretaria de Agricultura e Abastecimento, CDRS/IEA, Projeto LUPA."]